Избранные стихотворения

Podrobná bibliografie
Hlavní autor: Никитин И. С. Иван Саввич
Další autoři: Коннов Ю. (иллюстратор)
Shrnutí:На пер. загл. не указано.
Jazyk:ruština
Vydáno: Саратов, Приволжское книжное издательство, 1984
Témata:
Médium: Kniha
KOHA link:https://koha.lib.tpu.ru/cgi-bin/koha/opac-detail.pl?biblionumber=232752

MARC

LEADER 00000nam0a2200000 4500
001 232752
005 20231101231208.0
010 |b 5000 экз. 
035 |a (RuTPU)RU\TPU\book\253806 
090 |a 232752 
100 |a 20130219d1984 m y0rusy50 ca 
101 0 |a rus 
102 |a RU 
105 |a ac z 000gy 
200 1 |a Избранные стихотворения  |f И. С. Никитин  |g худож. Ю. Коннов 
210 |a Саратов  |c Приволжское книжное издательство  |d 1984 
215 |a 254 с.  |c ил., портр.  |d 11 см. 
300 |a На пер. загл. не указано. 
610 1 |a русская литература 
610 1 |a 19 век 
610 1 |a поэзия 
610 1 |a миниатюрные издания 
686 |a Ч611.68  |v LBC/SL-A  |2 rubbk 
700 1 |a Никитин  |b И. С.  |c русский поэт  |f 1824-1861  |g Иван Саввич  |2 stltpush  |3 (RuTPU)RU\TPU\pers\10909  |9 2402 
702 1 |a Коннов  |b Ю.  |4 440 
801 1 |a RU  |b 63413507  |c 20130219 
942 |c BK